Milli eğitimle ilgili söylev ve demeçler (Record no. 5770)
[ view plain ]
| 000 -BAŞLIK | |
|---|---|
| Sabit Uzunlukta Kontrol Alanı | 00818na a2200253 4500 |
| 001 - KONTROL NUMARASI | |
| Denetim Alanı | 20305 |
| 003 - KONTROL NUMARASI IDENTIFIER | |
| Denetim Alanı | MIRAKIL |
| 005 - SON İŞLEM TARİHİ VE ZAMANI | |
| Denetim Alanı | 20181213155046.0 |
| 008 - SABİT-BOY VERİ ELEMANLARI - GENEL BİLGİLER | |
| Sabit Uzunlukta Kontrol Alanı | 170217b tu 000 0 |
| 040 ## - KATALOGLAMA KAYNAK | |
| Orijinal Kataloglama Ajansı | Milas |
| Kataloglama Dili | tur |
| Metne Dönüştürmek Ajansı | TR-AnCHP |
| 041 ## - DİL KODU | |
| Metin / Ses Parça Veya Ayrı Başlığın Dil Kodu | tur |
| 082 ## - DEWEY ONLU SINIFLANDIRMA NUMARASI | |
| Sınıflandırma Numarası | 370.9561 |
| Ürün Numarası | Y91m 1993 |
| 090 ## - SINIFLAMA NUMARASI | |
| Sınıflama Numarası | 370.9561 Y91m 1993 |
| 100 ## - ANA GİRİŞ - KİŞİSEL İSİM | |
| Kişisel Ad | Yücel, Hasan Ali |
| Bir Adıyla İlişkilendirilen Tarihler | 1897- 1961 |
| 245 ## - BAŞLIK TABLOSU | |
| Başlık | Milli eğitimle ilgili söylev ve demeçler |
| Sorumluluk Tablosu, Vb | Hasan Ali Yücel |
| 260 ## - YAYIN, DAĞITIM, VB | |
| Yayın, Dağıtım, Vb Yeri | Mersin |
| Yayıncı, Dağıtıcı, Vs Adı | Kültür Bakanlığı |
| Yayın, Dağıtım, Vb Tarihi | 1993 |
| 300 ## - FİZİKSEL TANIM | |
| Kapsam | xii, 324, [15] s. |
| Boyutlar | 24 sm. |
| 440 ## - SERİSİ TABLOSU / KATMA GİRİŞİ - BAŞLIK | |
| Başlık | Kültür Bakanlığı Yayınları |
| Hacim / Ardışık Tanımı | 1573 |
| 490 ## - SERİSİ TABLOSU | |
| Seri Beyanı | Hasan Ali Yücel Külliyatı |
| 490 ## - SERİSİ TABLOSU | |
| Seri Beyanı | Türk Klasikleri Dizisi |
| Hacim / Ardışık Tanımı | 28 |
| 600 ## - KONU KATMA GİRİŞ - KURUMSAL ADI | |
| Kişisel Ad | Yücel, Hasan Ali |
| Bir Adıyla İlişkilendirilen Tarihler | 1897-1961 |
| Genel Alt Bölümü | Söylev ve demeçler |
| 650 ## - KONU KATMA GİRİŞ - TOPİKAL DÖNEM | |
| Topikal Süreli Veya Coğrafi Ad Giriş Elemanı | Milli eğitim |
| Genel Alt Bölümü | Bakanlar |
| Kronolojik Alt Bölümü | Söylev ve demeçler |
| 942 ## - EKLENDİ GİRİŞ ELEMANLARI (KOHA) | |
| Sınıflandırma Veya Raf Düzeni Kaynak | Dewey Decimal Classification |
| Koha Öğesi Türü | Books |
| 999 ## - SİSTEM KONTROL NUMARALARI (KOHA) | |
| Koha Biblionumber | 5770 |
| Koha Biblioitemnumber | 5770 |
| Kalıcı Konum | Mevcut Konum | Edinme Tarihi | Edinim Kaynak | Toplam Check-Out'Lar | Tam Çağrı Numarası | Barkod | Tarih Son Görülme | İtibaren Geçerli Fiyatlar | Koha Öğesi Türü |
|---|---|---|---|---|---|---|---|---|---|
| CHP Kütüphanesi | CHP Kütüphanesi | 01/17/2017 | Bağış | 370.9561 Y91m 1993 | 011000 | 01/17/2017 | 01/17/2017 | Books |
